school subjects and electives - Statistics

General Stats
  • This quiz has been taken 37 times
  • The average score is 32 of 196
Answer Stats
descriptions subjects % Correct
the study of living things biology
79%
letters to represent numbers algebra
75%
the study of literature, especially novels, plays, and short stories english
75%
the study of elements and compounds chemistry
71%
study of how the universe interacts with each other physics
71%
points, lines, surfaces,and solids geometry
68%
properties of derivatives and integrals calculus
64%
the study of earth's physical features geography
64%
the study of the language in france french
57%
the study of the human mind and its functions psychology
54%
the study of the mexican language spanish
54%
sides and angles of triangles trigonometry
54%
the study of the creation, consumption, and transfer of wealth economics
50%
the study of the language in china chinese
46%
the study of the German language german
46%
the study of the language in japanese japanese
46%
the study of economics and management business
43%
the study of the language in italy italian
43%
the study of the language in russia russian
43%
the study of the past of the United States U.S. history
43%
the study of the past of the world world history
43%
a play for theater, radio,or television drama
39%
the study of a mostly dead Italian language latin
39%
the art of taking and processing photographs photography
39%
the study of the language in portugal portuguese
39%
the study of social life and social behavior of humans sociology
39%
students who rehearse and perform music together band
36%
the study of the language in korea korean
36%
instruction in physical exercise and games physical education
36%
the design, construction, operation, and application of robots robotics
36%
collecting and analyzing of data statistics
36%
the study of the language in northern africa arabic
32%
the study of space astronomy
32%
students who sing together choir
32%
moving rhythmically to music dance
32%
development of scientific technological systems engineering
32%
the study of popular styles and the global fashion industry fashion
32%
the study of the U.S. administration government
32%
the study of substantive and procedural law law
32%
the act of using paint to create art painting
32%
pots and other articles made from hardened clay ceramics
29%
the study of earth's natural minerals geology
29%
the study of the language in israel hebrew
29%
the study of nutritional components of foods nutrition
29%
the study of knowledge, reality, and existence philosophy
29%
easier properties of derivatives and intedgrals pre-calculus
29%
the study of the art and science of managing money finance
25%
properties and applications of graphs graph theory
25%
the study of your fitness, nutrition, and the organs of the body health
25%
the study of written works with lasting artistic merit literature
25%
students who play string instruments orchestra
25%
the study of how to create, compose, memorize, stage, and perform produced works theater
25%
the study of farming and cultivation agriculture
21%
letters to represent numbers but harder algebra 2
21%
the study of human beings and their ancestors anthropology
21%
the art or science of building or designing structures architecture
21%
the culinary art of cooking things with dough baking
21%
the skills of repairing things wood carpentry
21%
the study and application of beauty products cosmetology
21%
the study of our world earth science
21%
the study of filmmaking film
21%
the study of public relations using social and digital media journalism
21%
the study of playing the piano piano
21%
the study of human society and culture religion
21%
a Hindu discipline which includes breath control and meditation yoga
21%
the study of plants botany
18%
the study of crime and criminal behavior criminology
18%
the study of genders and races gender studies
18%
the art of making advertisements,magazines,or books graphic design
18%
the study of writing, reading, and listening to stories with rhymes poetry
18%
the likelihood of something happening probability
18%
instruction in learning how to swim swimming
18%
the skill of making things from wood woodworking
18%
a sport with grappling an opponent and trying to hold them down wrestling
18%
the study of the characteristics of animals zoology
18%
the study of acting techniques, emotional and character, and performance skills acting
14%
the study of a language that's expressed by movements of the hands American sign language
14%
the study of ancient human past through material remains archaeology
14%
writing that displays imagination creative writing
14%
the study of the processing of crime criminal justice
14%
the study of organisms and their surroundings ecology
14%
parties called players make interdependent decisions game theory
14%
the study of how genes and traits are pass down through generations genetics
14%
the study of life in the ocean marine biology
14%
the art of making 3D abstract forms sculpture
14%
a rhythmic exercise that uses your large muscle groups aerobics
11%
a method of photography successive drawings, models, or puppets to create movement animation
11%
the study of art from across the world art history
11%
the skill of keeping bees beekeeping
11%
learning how coach people coaching
11%
the study of verbal and non-verbal messages communications
11%
the cuisine art of food preparation Culinary arts
11%
the study of histories, experiences, cultures, and issues of ethnic groups ethnic studies
11%
the study of the nature of fire fire science
11%
a number that is not a whole number fraction
11%
the study of a african-american music jazz
11%
the study of weather meteorology
11%
the study of how to human body works physiology
11%
the skills to handle and fix pipes, tanks, fittings, and other things for water supply plumbing
11%
the study of politics political science
11%
the art of making pictures by printing them on objects printmaking
11%
science, technology, engineering, and math related projects STEM
11%
the act of writing using a computer typing
11%
creating the visual elements and layout of a website web design
11%
both life and chemical science biochemistry
7%
the practice of drawing and making maps cartography
7%
the study of a digital currency cryptocurrency
7%
protection against viruses on your computer cybersecurity
7%
insolves students in expressing their opinions from two competing perspectives debate
7%
a scientific method use to solve crime forensic science
7%
a physical class that includes balance, agility, etc gymnastics
7%
a live performance in which students make up scenes improv
7%
the concepts, techniques, and ideation of designing jewerly jewelry design
7%
the study of language and its structure linguistics
7%
a japanese sport that's based around self-defense or attack martial arts
7%
the skill of forming and shaping metals to create tools and objects metalworking
7%
the study of microscopic organisms microbiology
7%
notes and coins used for commodities and services money math
7%
a dramatic work in multiple acts, set to music for singers and instrumentalists opera
7%
the study of fossilized animals paleontology
7%
constituent parts that are arrange or interrelated topology
7%
the study of the tourism sector tourism
7%
the practice of lifting heavy objects weightlifting
7%
art with all the dimensions of height, width, depth 3D art
4%
examination of the structure of something analysis
4%
the process of creating software applications app development
4%
properties and manipulation of numbers arithmetic
4%
the study of life in space astrobiology
4%
the technical art of crafting a coherent auditory experiences audio production
4%
the skills for a sport where you roll a ball at pins bowling
4%
the study of the physical, social, emotional, and intellectual development of a infant child development
4%
class that helps you increase you gaming skills computer gaming
4%
the process use to write code computer programming
4%
the skills to properly fix a computer computer repair
4%
cardiopulmonary resuscitation training CPR training
4%
relating to or denoting a system of numbers and arithmetic based on the number ten decimal
4%
the study of learning how to work and drive a car driver's education
4%
the art of garden cultivation and management horticulture
4%
coding information in the form of sequences information theory
4%
prepares students to analyze and design living/working environments interior design
4%
the study of mechanics of body movements kinesiology
4%
the training in water rescue and first aid lifeguard training
4%
mathematical study of the methods and validity logic
4%
the size, length, and amount of something measurement
4%
lectures and hands-on-practice for a computer network system networking
4%
the study of the nervous system neuroscience
4%
properties and relationships of numbers number theory
4%
variety of tasks like photography, graphic design, writing copy, sales, and marketing for this book school yearbook
4%
fabrics, fibers, and cloths or materials use to make fabrics textiles
4%
the study of heat thermodynamics
4%
skills for climbing a tree tree climbing
4%
the study of unidentified flying objects UFOlogy
4%
the technical creation of video games video game development
4%
the study of the exploration of a set of global issues world studies
4%
the study of ancient humans and cities ancient civilization
0%
a silent art that involves acting using only movements, gestures, and facial expressions art of mime
0%
the art of forming sand into an artistic form art of sand sculpturing
0%
the art of preserving an animal's body by mounting for studying art of taxidermy
0%
the skills to fully repair auto mobiles auto shop
0%
the study of forces acting on and generated within the body biomechanics
0%
the study of the history for games on a board board game history
0%
the science of sweet treats candy making science
0%
the skills for the performance art for circuses circus arts
0%
working in all aspects of planing, designing, and construction of buildings civil engineering
0%
combinations of objects belonging to a finite set combinatorics
0%
skills to help consumers with everyday problems consumer economics
0%
the act of writing or solving codes cyptography
0%
the study of human populations demography
0%
used to solve enumerate problems discrete mathematics
0%
the study of electric charges and magnetic moments electromagnetism
0%
the study of music in different cultures ethnomusicology
0%
the study of the mental and physical changes of a family family studies
0%
the technical skills needed to pursue a fashion career fashion design
0%
the art of drawing scribbled and sprayed illicitly on a surface graffiti arts
0%
the study of humor and laugher laughology
0%
wash, dry, and iron clothes laundering
0%
emotional, social, and intellectual tools needed for life life skills
0%
a math discipline with vectors and matrices linear algebra
0%
the study of online jokes and their culture meme culture
0%
the study of music and its history musicology
0%
the study of music recording, composition,and production music technology
0%
the study of heroic legends and tales mythography
0%
the study of the ocean oceangraphy
0%
the study of sight and behavior of light optics
0%
the study of ancient plants paleobotany
0%
the sport of traversing environmental obstacles by running and jumping parkouring
0%
the study of algae phycology
0%
writing situations in professional settings practical writing
0%
a performance that involves puppets pupperty
0%
the study of writing or speech rhetorics
0%
the scientific study of acoustics science of sounds
0%
the study of how elements react with each other stoichiometry
0%
a standard language for database creation and manipulation structured query language
0%
the study of being happy study of happiness
0%
the performance of magic thaumaturgy
0%
the study of the fictional undead zombie studies
0%
No matching quizzes found
Score Distribution
Percent of People with Each Score
Percentile by Number Answered
Your Score History
You have not taken this quiz